[Event "Doeberl Cup Minor 48th"]
[Site "Canberra"]
[Date "2010.04.02"]
[Round "1"]
[White "Finlay, Colin"]
[Black "Yin, Wenlin"]
[Result "1-0"]
[WhiteElo "1458"]
[BlackElo "1212"]
[PlyCount "85"]
[EventDate "2010.04.02"]
[EventType "swiss"]
[EventRounds "7"]
[EventCountry "AUS"]
[SourceTitle "EXT 2012"]
[Source "ChessBase"]
[SourceDate "2011.11.24"]
[SourceVersion "1"]
[SourceVersionDate "2011.11.24"]
[SourceQuality "1"]

1. d4 Nf6 2. Bf4 d5 3. e3 Bf5 4. Nd2 e6 5. h3 c5 6. c3 Nc6 7. Ngf3 Be7 8. Nh4 0-0 9. Nxf5 exf5 10. Bd3 Ne4 11. 0-0 Qd7 12. a3 c4 13. Bc2 Bd6 14. Bxd6 Qxd6 15. Nf3 Rae8 16. Ba4 a6 17. Rc1 b5 18. Bc2 f4 19. exf4 Qxf4 20. Bb1 f5 21. b3 Re6 22. bxc4 bxc4 23. Re1 Rg6 24. Rc2 Qd6 25. Ne5 Nxe5 26. dxe5 Qxe5 27. f3 Nxc3 28. Rxe5 Nxd1 29. Re1 Nb2 30. Rxb2 c3 31. Rb4 Rc6 32. Ba2 Rd8 33. Rd4 Rc5 34. Rc1 Kf8 35. Kf2 c2 36. Rd2 Rdc8 37. Rxd5 Rc3 38. Rxf5+ Ke8 39. Re5+ Kd8 40. Re3 R3c6 41. Be6 Rb8 42. Bf5 Rb2 43. Re2 1-0

[Event "Doeberl Cup Minor 47th"]
[Site "Canberra"]
[Date "2009.04.10"]
[Round "1"]
[White "Finlay, Colin"]
[Black "Wilkie, Mary"]
[Result "1-0"]
[WhiteElo "1564"]
[BlackElo "1177"]
[PlyCount "93"]
[EventDate "2009.04.10"]
[EventType "swiss"]
[EventRounds "6"]
[EventCountry "AUS"]
[SourceTitle "CBM 129 Extra"]
[Source "ChessBase"]
[SourceDate "2009.05.05"]
[SourceVersion "2"]
[SourceVersionDate "2009.05.20"]
[SourceQuality "1"]

1. d4 Nf6 2. Nf3 g6 3. Bf4 Bg7 4. Nbd2 d6 5. e3 0-0 6. h3 Bd7 7. Bc4 Nc6 8. c3 Na5 9. Be2 a6 10. 0-0 Nh5 11. Bh2 Rc8 12. Rc1 Nc6 13. d5 Na7 14. c4 Bxb2 15. Rb1 Ba3 16. Rxb7 Bc5 17. Rb1 Nf6 18. e4 e6 19. e5 Nh5 20. Nb3 Bb6 21. exd6 exd5 22. c5 Nb5 23. Bxb5 Bxb5 24. cxb6 cxb6 25. Re1 Bc6 26. Nbd4 Bb7 27. Re7 Ba8 28. Qe2 Nf6 29. Qxa6 Rb8 30. Nf5 gxf5 31. Re5 Ne4 32. Rxf5 Nxd6 33. Rg5+ Kh8 34. Qa3 Ne4 35. Rf5 Re8 36. Rd1 f6 37. Nd4 Qd7 38. Qf3 Rg8 39. Ne2 Qa4 40. Re1 Nd2 41. Qd3 Qe4 42. Qxe4 Nxe4 43. f3 Ng5 44. Rxf6 Nxh3+ 45. Kf1 Ng5 46. Be5 Rbe8 47. Re6+ 1-0